| 000 | 00331nam a2200133Ia 4500 | ||
|---|---|---|---|
| 005 | 20251222144853.0 | ||
| 008 | 251222s9999||||xx |||||||||||||| ||spa|| | ||
| 020 | _a84-481-4236-5 | ||
| 082 | _a658.812/A41 | ||
| 100 | _aAlfaro Faus, Manuel | ||
| 245 | 0 | _aTemas Clave en Marketing Relacional | |
| 264 | _bMcGRAW-HILL | ||
| 942 | _cLIB | ||
| 999 |
_c21667 _d21667 |
||